01381cam a22003737a 4500003000500000005001700005008004100022010001000063011001000073020001300083035001000096040000900106082001600115100003300131245007700164260006000241300001100301410005200312590004100364590004100405590004100446590004200487650003200529650004100561650004200602700003300644810005900677901000700736905002400743942001000767949007700777999001700854952013600871CHAP20220329141926.0980624 1982 us r 00010 eng d a75815 a76787 a00650684 a86376 cCHAP04a338.19bH3100aHadwiger, Don F.eed.95219710aFood policy and farm programsced. by Don F. Hadwiger and Ross B. Talbot aNew York, N.Y. :bAcademic of Political Science,c1982. a254 p. aProceedings of the Academy of Political Science aBATCH-UPDb10c20130110lUCH01h0702 aBATCH-UPDb10c20130410lUCH01h0347 aBATCH-UPDb10c20130913lUCH01h2253 aCONVERSIONb10c20130109lUCH01h134114aAgricultura y Estado.9203514aPolítica agrícolazE.U.A.99038314aPolítica alimentariaxE.U.A.9904010 aTalbot, Ross B.eed.911140900aProceedings of the Academy of Political Science991725 aBK aMayto Villalobos S. cLIBRO a338.19 H31bBCcLIBROd33724000696670eLIBROh93594i86376kDonaciØnsb c75815d75815 00102ddc4052708GRALaBCbBCcPA_GRALd2019-12-31fLIBROl0o338.19 H31p33724000696670r2019-12-31 00:00:00w2019-12-31yLIBRO